Statistiques concernant Vrai ou faux : Jeux Olympiques

Cliquez ici pour prendre le quiz!

Statistiques générales

  • Ce quiz a été pris 87 fois
  • Le résultat moyen est 12 sur 20

Statistiques - réponses

QuestionRéponse% Correct
Il existe un hymne olympique.Vrai
83%
Les premiers Jeux Olympiques modernes ont eu lieu à Athènes.Vrai
81%
Carl Lewis est le recordman du nombre de médailles d'or olympiques.Faux
75%
Roger Federer n'a jamais été champion olympique en simple.Vrai
72%
Martin Fourcade a remporté trois médailes d'or aux Jeux Olympiques de Pyeonhang en 2018.Vrai
72%
Le tir à la corde a été une discipline olympique.Vrai
72%
Il n'y a jamais eu de Jeux Olympiques en Afrique.Vrai
70%
Des pays africains ont boycotté les Jeux Olympiques de Montréal en 1976.Vrai
68%
L'espagnol est une langue officielle des Jeux Olympiques.Faux
67%
Le Brésil n'a jamais été champion olympique de football chez les hommes.Faux
63%
Les États-Unis détiennent le record du nombre de médailles remportées aux Jeux Olympiques d'hiver.Faux
62%
L'Inde n'a jamais remporté de médaille aux Jeux Olympiques d'hiver.Vrai
58%
Les premiers Jeux Olympiques d'hiver ont eu lieu en France.Vrai
58%
La Belgique a déjà organisé les Jeux Olympiques.Vrai
51%
Le record du monde du 100m homme a été établi aux Jeux Olympiques.Faux
47%
Laure Manaudou est la première championne olympique française de natation.Vrai
47%
Jesse Owens a levé le poing lors de la remise des médailles à Berlin en 1936.Faux
31%
Les épreuves féminines de boxe ont fait leur entrée en 2000 à Sydney.Faux
30%
Mohamed Ali a allumé la flamme olympique lors des Jeux Olympiques de Los Angeles en 1984.Faux
30%
La France est le pays qui a remporté le plus de médailles olympiques en escrime.Faux
20%

Distribution des résultats

Percentile par nombre de réponses

% des personnes avec chaque résultat

Votre développement - résultats

Vous n’avez pas pris ce quiz